|
|
แสดงรายละเอียดบรรณานุกรม |
|
|
Brief Record
: Get Marc (ISO 2709)
: E-mail record
: |
|
|
| LEADER 00000nama 2200000uu 4500 | |||
| 001 197398 | |||
| 003 ULIBM | |||
| 008 040531s|||| th m m a000 0 tha d | |||
| 020 978-974-11-0762-9 | |||
| 041 tha | |||
| 050 WW100 จ324ก 2550 | |||
| 100 วณิชา ชื่นกองแก้ว | |||
| 245 จักษุวิทยา / บรรณาธิการ วณิชา ชื่นกองแก้ว และอภิชาติ สิงคาลวณิช. | |||
| 260 2550. งานตำราวารสารและสิ่งพิมพ์ สถานเทคโนโลยีการศึกษา แพทยศาสตร์ คณะแพทยศาสตร์ศิริราชพยาบาล มหาวิทยาลัย. กรุงเทพฯ | |||
| 300 508 หน้า. | |||
| 650 1. จักษุวิทยา. 2. ตา,โรค. 3. ตา--โรค. | |||
| 995 001 | |||
| คุณยังไม่ได้ล็อกอิน คุณสามารถมีกิจกรรมร่วมกับเว็บไซต์ได้ แต่ต้องล็อกอินก่อน :: |
|
| สถานะ | |||||||||
| 1. | หนังสือทั่วไป | WW100 จ324ก 2550 | On Shelf ขอยืม | ||||||
| 2. | หนังสือทั่วไป | WW100 จ324ก 2550 | On Shelf ขอยืม | ||||||
| 3. | หนังสือทั่วไป สถานะ=หนังสือเก่า - บริการ ณ ห้องสมุด (ห้องเหลือง) | WW100 จ324ก 2550 | On Shelf ขอยืม | ||||||
| [แสดง 3/3 รายการ] | |||||||||
| รายการใกล้เคียง ผู้แต่ง [วณิชา ชื่นกองแก้ว] |
BibComment |
| คอมเมนท์ทรัพยากรรายการนี้ |
|
|